| 000 | 00764nam a22002177a 4500 | ||
|---|---|---|---|
| 005 | 20250114124127.0 | ||
| 010 | _aENG-143388 | ||
| 020 |
_c795.00 _a9788197414251 |
||
| 035 | _aEN-126920 | ||
| 037 | _bDBAD | ||
| 082 | _a340.59 | ||
| 100 |
_aLakshminath, A _976537 |
||
| 245 | 0 | 0 |
_aThe Contours of Personal Law: Religious Practices, Family Law and Uniform Civil Code/ _cby A Lakshminath; Ashok P Wadje [and] Prafulla Leleany |
| 250 | _a1 | ||
| 260 |
_aGurgaon _bLexis Nexis _c2024 |
||
| 270 |
_a14th Floor, Bldg. No.10, Tower-B, DLF Cyber City, Phase-II _bGurgaon _e122002 |
||
| 300 |
_axxxvi,326p. _c22cm(Hb) |
||
| 700 |
_aWadje, Ashok P _eAuthor _976538 |
||
| 700 |
_aLeleany, Prafulla _eAuthor _976539 |
||
| 942 |
_2ddc _cEN _mLAK _h340.59 |
||
| 999 |
_c208468 _d208468 |
||